Input-output analysis

Na minha lista:
Detalhes bibliográficos
Outros Autores: Kurz, Heinz D., Dietzenbacher, Erik, Lager, Christian
Formato: Livro
Idioma:inglês
Publicado em: Cheltenham <An> Elgar Reference Collection 1998
Colecção:<The> international library of critical writings in economics 92
Assuntos:
Tags: Adicionar Tag
Sem tags, seja o primeiro a adicionar uma tag!

MARC

LEADER 00000nam a2200000 4500
001 0158259
005 20240111125405.9
020 |a 1-85898-357-6 
041 0 |a eng 
044 |a GB 
245 1 0 |a Input-output analysis  |c edited by: Heinz D. Kurz, Erik Dietzenbacher and Christian Lager 
264 1 |a Cheltenham  |b <An> Elgar Reference Collection  |c 1998 
300 |a 439 s. 
490 1 |a <The> international library of critical writings in economics  |v 92 
830 0 |a <The> international library of critical writings in economics  |v 92 
610 2 0 |a input-output 
610 2 0 |a modely input-output 
610 2 0 |a veda ekonomická 
610 2 0 |a energia 
610 2 0 |a prostredie životné 
610 2 0 |a obchod zahraničný 
610 2 0 |a modely 
700 1 |a Kurz, Heinz D. 
700 1 |a Dietzenbacher, Erik 
700 1 |a Lager, Christian